000 02732nam0a2200385 4500
001 RU\NLR\BIBL_A\012259752
005 20200629131312.0
010 _a978-5-7883-1453-2
_9120
021 _aRU
_bКН-П-20-009482
_9КН-П-20-0734
035 _a(NLR Aleph) 012259752
035 _a(RuMoRGB)010278047
090 _a11125582
_c11125582
100 _a20200327d2019 u y0rusy50 ca
101 0 _arus
102 _aRU
105 _aa|||j|||000zy
181 0 _ai
_baxxe
182 0 _an
200 1 _aОсновы современных технологий баз данных
_eучебное пособие для обучающихся по основной образовательной программе высшего образования по направлению подготовки 02.03.02 Фундаментальная информатика и информационные технологии
_fД.А. Попова-Коварцева, Е.В. Сопченко
_gМинистерство науки и высшего образования Российской Федерации, Федеральное государственное автономное образовательное учреждение высшего образования "Самарский национальный исследовательский университет имени академика С.П. Королева (Самарский университет)"
203 _aТекст
_bвизуальный
_cнепосредственный
210 _aСамара
_cИздательство Самарского университета
_d2019
215 _a91 с.
_cил., табл.
_d21
313 _aCASE- технологии в проектировании баз данных
320 _aБиблиогр.: с. 75-76 (13 назв.)
606 1 _aБазы данных
_xПроектирование
_jУчебные издания для высших учебных заведений
_2nlr_sh1
_2nlr_sh2
_3RU\NLR\AUTH\661273077
606 1 _aCASE, система автоматизированного проектирования программного обеспечения
_jУчебные издания для высших учебных заведений
_2nlr_sh1
_2nlr_sh2
_3RU\NLR\AUTH\66816458
686 1 _aЗ973.233-018.2я73-1
686 1 _aЗ973.2-018-5-05я73-1
700 1 _aПопова-Коварцева
_bД. А.
_gДарья Александровна
_3RU\NLR\AUTH\770196340
701 1 _aСопченко
_bЕ. В.
_gЕлена Вильевна
942 _cBOOK
980 _aNBR
980 _aNB